00881nam a22002417a 450000500170000001000130001702000260003003500130005603700160006904000120008508200160009710000250011324500860013826000470022427000550027130000270032650000510035365000250040465000390042994200250046899900190049395201270051220170124110218.0 aB-163278 c750.00a9780195667257 aB-163278 bCen Lib/Ret aDPLbEN a954.32bNAI aNair, Janaki 938107 aThe promise of the metrololis :cby Janaki Nair bBanglore's twentienth century / aNew Delhi bOxford University Press c2005 aYMCA Building, Jai Singh Road bNew Delhi e110001 axviii, 454p.c21cm(Hb) aIncludes bibliographical references and index  aSocial change991096 aSocial change in literature938109 2ddccENh954.32mNAI c134006d134006 00104070aLbLd2015-07-28eCen Lib/Retg750.00l0o954.32 NAIpB-163278r2015-07-28 00:00:00t1v750.00w2015-07-28yEN